[Event "EU-ch 12th"]
[Site "Aix les Bains"]
[Date "2011.04.01"]
[Round "10"]
[White "Feller, Sebastien"]
[Black "Volokitin, Andrei"]
[Result "1-0"]
[WhiteElo "2657"]
[BlackElo "2677"]
[Annotator "Marchand,A/Primel,D"]
[PlyCount "143"]
[EventDate "2011.03.22"]
[EventType "swiss"]
[EventRounds "11"]
[EventCountry "FRA"]
[SourceTitle "CBM 142 Extra"]
[Source "ChessBase"]
[SourceDate "2011.06.27"]
[SourceVersion "1"]
[SourceVersionDate "2011.06.27"]
[SourceQuality "1"]
[TimeControl "40/5400+30:1800+30"]

1. d4 Nf6 2. c4 e6 3. Nc3 Bb4 4. Qc2 O-O (4... c5) (4... d5) 5. a3 Bxc3+ 6.
Qxc3 b6 7. Bg5 (7. Nf3 Bb7 8. e3 d6 9. b3 Nbd7 10. Bb2 Qe7 11. Be2 Ne4 (11...
c5) 12. Qc2 f5 13. O-O Rae8 14. Ne1 Qh4 15. d5 (15. b4 $5 $146 Rf6 (15... Ndf6
16. f3 Ng5 17. Nd3 $14 {[%csl Ge5,Gf4]}) 16. Nf3 Qh5 17. c5 $1 $36 {[%cal
Gc5c6]}) 15... Ndf6 16. Rd1 Qh6) 7... Bb7 8. f3 h6 9. Bh4 d5 10. e3 Nbd7 11.
cxd5 (11. Nh3 c5 (11... Rc8) 12. cxd5 exd5 13. Bb5 Ne4 14. Bxd8 Nxc3 15. bxc3 (
15. Bxd7 Rfxd8 16. Bf5 Nb5 17. Rd1 Nd6 $11 {Ulibin}) 15... Rfxd8 16. Kd2 Nf6
17. Bd3 Ne8 18. Nf4 {Shabalov,A (2425)-Ulibin,M (2445) URS-ch U26 Tbilisi 1989
1/2} (18. a4 $5 {[%cal Ga4a5]})) 11... Nxd5 12. Bxd8 Nxc3 13. Bh4 (13. Be7 Rfe8
14. Bb4 Nd5 15. e4 Ne3 16. Kf2 Nxf1 17. Rxf1 f5 $132 {Panno,O (2495)-Dokhoian,
Y (2575) GMA op Moscow 1989 (4) 1/2}) 13... Nd5 14. Bf2 f5 $5 (14... c5 {
L'alternative} 15. e4 Ne7 (15... Nf4 $13) 16. Bb5 Nc6 (16... Bc6) 17. Ne2 a6 (
17... Rfc8) 18. Ba4 (18. Bxc6 Bxc6) 18... b5 19. Bc2 cxd4 20. Nxd4 Rac8 21.
O-O-O $1 {Le problème majeur des Blancs dans cette variante Qc2 est le léger
retard de développement et dans cette position la paire de B commence а jouer.
J'ai néanmoins raté ensuite la nulle en zeitnot} Nde5 22. Nb3 a5 23. Nc5 $14 {
Lazarev,V (2441)-Primel,D 1er open Rohde 2001 (3) 1-0}) 15. Bb5 $5 {Une idée
interessante pour gêner le Bb7} c6 {[%csl Rb7]} 16. Bd3 (16. Ba4) (16. Bc4)
16... e5 $1 {[%cal Ga8e8,Ge8e1,Ge5d4] Les Noirs doivent joeur de manière
dynamique avant que les Blancs n'aient le temps de terminer le développement.}
17. Ne2 Rae8 {[%cal Ge8e1]} (17... e4 $5 $146 {Aucune partie ne semble avoir
suivi ce coup selon les bases mais il mériterait un essai pratique même s'il
donne la case "f4"} 18. Bc4 {[%cal Gc4g8]} (18. fxe4 $6 fxe4 19. Bxe4 Nxe3 $1
20. Bxe3 Rae8 {[%csl Re1,Re3] Illustrant le problème de développement des
Blancs}) 18... Kh7 (18... Rae8 19. Nf4) 19. Bxd5 (19. Nf4) 19... cxd5 20. Nf4
Rac8 $32) 18. O-O (18. O-O-O $5 $146 {Si les Noirs veulent attaquer sur la
colonne "c", ils vont devoir perdre deux tempi avec c6c5 et Re8c8.}) 18... exd4
$11 {[%csl Re3]} 19. exd4 {[%csl Rd4]} Nb8 {[%cal Gb7a6] Un coup multifonction:
- Avec un P isolé, l'échange ne peut pas être mauvais pour les Noirs. - Le Nd7
manque de cases centrales} (19... N7f6 $143 {Quelques parties jouées par
correspondance ont suivi cette ligne mais les Blancs sont un peu mieux.} 20.
Rfe1 f4 21. Nc3 $14 {[%csl Ge4];Jaworski,M (2458)-Lepikhov,A (2611) Krzyszton
mem corr 1999 1/2}) 20. Nc3 (20. Rac1 Ba6 21. Bxa6 Nxa6) 20... Ba6 (20... Nf4
$6 21. Bc4+) 21. Bxa6 Nxa6 22. Nxd5 cxd5 23. Rac1 $1 {[%csl Ra6,Gc1][%cal
Gc1c7] Maintient le N а la bande} f4 $146 {Semble un peu trop lent} (23... Rf7
$142 24. Rc2 Rc7 25. Rxc7 ({RR} 25. Rfc1 Rec8 26. Rxc7 Rxc7 27. Re1 f4 28. g3
Rc2 29. gxf4 Nc7 30. f5 Rxb2 31. Re7 Nb5 32. a4 Nc3 33. Rxa7 Ra2 34. Rc7 Nd1
35. Bh4 Ne3 36. f6 Nf5 37. Rc8+ Kf7 38. Rc7+ Kg8 39. Rc8+ Kf7 {L'Ami,E (2586)
-Spoelman,W (2461)/Vlissingen 2006/1/2-1/2 (40)}) 25... Nxc7 26. Bg3 Ne6 {
[%csl Rd4]} 27. Re1 (27. Be5 Rc8 $132) 27... Kf7 28. Re5 {[%csl Rd5,Rf5]} Nxd4
{1/2-1/2 Leitao,R (2475)-Lima,D (2430)/Americana 1996}) (23... Re2 24. b4 Rf7 {
Volek,S (2308)-Bucek,J (2379) CZE-ch21 final email 2009 1/2}) 24. Rfe1 Kf7 25.
Rc6 $1 Rc8 26. Rec1 (26. Rce6 {[%cal Ge6e7]} Rfe8 (26... Rc2 27. Re7+) 27. Rd6
{[%csl Rd5]}) 26... Rxc6 {Malgré un jeu ouvert, le B n'est pas trés bon а
cause de la faiblesse "d4"} 27. Rxc6 Ke7 28. Be1 Kd7 29. Rg6 Rf7 30. Bb4 $1 Nc7
(30... Nxb4 31. axb4 Re7 32. Kf2 $11) 31. Rd6+ $1 Ke8 32. a4 $1 {La position
Noire est très passive} Rd7 33. Rc6 Kf7 34. Bd6 {[%csl Rc7,Rf4]} Ne6 35. Be5
$14 {[%csl Ge5] Le mauvais B a réussi а s'activer} Ke7 36. b4 Rd8 37. a5 Kd7 (
37... bxa5 38. bxa5 Rd7 39. a6 {[%csl Ra7]}) 38. b5 $1 Rc8 39. Rd6+ Ke7 40.
axb6 Rc1+ 41. Kf2 Rc2+ 42. Kf1 Rc1+ 43. Ke2 axb6 44. Rxb6 {[%csl Gb5]} Rc2+ 45.
Kd3 $1 Rxg2 46. Bd6+ Kf7 (46... Kd7 {Semblait mieux résister} 47. Bc5 Ng5 (
47... Rxh2 48. Rd6+ {[%cal Gb5b6]}) (47... Rb2 $2 48. Rd6+ {[%csl Gc5][%cal
Gb5b6]}) 48. Rd6+ Kc8 49. Rxd5 Nxf3) 47. Rb7+ {Gagne un tempo important} Kg6
48. b6 Rb2 49. Be5 {[%csl Rg7]} (49. Bc5) 49... Kh5 50. Kc3 Rb5 51. Rb8 Ng5 52.
Bxf4 Nxf3 53. Be5 g5 54. Bc7 $1 {Libère la R de la protection du P passé et le
problème majeur des Blancs de la R mal placée, sera résolu.} g4 (54... Kg6) 55.
Ra8 Nxh2 56. Bxh2 $6 $138 (56. Ra4 $142 $1 {[%csl Gc7][%cal Ga4b4]} Kh4 57. Rb4
$18) 56... Rxb6 57. Rd8 Kh4 $13 {[%cal Gg4g3]} 58. Be5 Rg6 {On se souvient
tous de l'adage donné par TARRASCH: "Il faut toujours placer la R derrière le
P passé" Il se moquait un peu du fait que cette recommandation était prise
trop souvent au sens dogmatique (même si on reprochait aussi а l'allemand son
caractère dogmatique!) et il avait reçu une fois une lettre d'un amateur se
plaignant du fait qu'il avait perdu en suivant son conseil. Le Dr lui avait
répondu; "Il faut toujours placer la R derrière le P passé... sauf si c'est
une faute!"} (58... Kh3 $5 59. Rh8 (59. Rg8 h5) 59... Kh4 {[%cal Gh6h5]} (59...
g3 $2 60. Rg8) 60. Kd3 h5 (60... g3 61. Rg8 Rb3+ 62. Ke2 (62. Kc2 Rf3 $132 {
[%csl Rc2][%cal Gh4h3,Gh6h5]}) 62... h5 $132)) 59. Rxd5 h5 {[%csl Gg4,Gh5]} 60.
Rd6 Rg8 61. Ra6 g3 62. Ra1 Kg4 (62... g2 $6 63. Rg1 Kh3 {[%csl Ge5] Il est
difficile de progresser pour les Noirs} 64. d5 Rf8 65. d6 Rf1 66. Bd4 $1) 63.
d5 Kf5 64. Bc7 h4 (64... g2 $2 65. Bh2) 65. d6 Ke6 66. Re1+ Kd7 67. Re7+ Kc6 $8
(67... Kc8 $2 68. d7+ Kxc7 69. Re8) 68. d7 h3 $2 {la cadence trop rapide ne
permet pas de jouer "proprement" les finales.} (68... g2 $8 69. Bh2 Rd8 70. Rh7
Rxd7 71. Rxh4 Rg7 72. Bg1 Kd5 73. Kd3 Rf7 {[%cal Gf7f1]} 74. Rg4 Rf3+ 75. Ke2
Rb3 76. Rxg2 Rb2+ {[%cal Gb2g2]}) 69. Re8 Kxd7 70. Rxg8 h2 71. Rg7+ Kc6 72. Rh7
1-0

[Event "EU-ch 12th"]
[Site "Aix les Bains"]
[Date "2011.04.01"]
[Round "10"]
[White "Goganov, Aleksey"]
[Black "Hammer, Jon Ludvig"]
[Result "0-1"]
[WhiteElo "2469"]
[BlackElo "2606"]
[Annotator "Marchand,A/Primel,D"]
[PlyCount "82"]
[EventDate "2011.03.22"]
[EventType "swiss"]
[EventRounds "11"]
[EventCountry "FRA"]
[SourceTitle "CBM 142 Extra"]
[Source "ChessBase"]
[SourceDate "2011.06.27"]
[SourceVersion "1"]
[SourceVersionDate "2011.06.27"]
[SourceQuality "1"]

1. d4 Nf6 2. c4 e6 3. Nc3 Bb4 4. Qc2 O-O (4... d6 5. Nf3 (5. e3 O-O 6. Bd3 c5)
5... O-O 6. e3 b6 7. Bd2 Bb7 8. Bd3 c5 9. a3 Bxc3 10. Bxc3 Nbd7 11. O-O cxd4
12. Nxd4 Nc5 13. f3 Nxd3 14. Qxd3 Ba6 $6 15. a4 {Bagirov,V-Platonov,I URS-ch38
Riga 1970 (2) 1-0}) 5. a3 Bxc3+ 6. Qxc3 d6 {[%cal Gd8e7,Ge6e5] Une variante
assez venimeuse car les Noirs peuvent sacrifier le P "e5" dans certaines
lignes avec d'énormes compensations} (6... b6 {La grande ligne}) (6... Ne4 7.
Qc2 f5 8. Nf3 d6 9. b4 Nd7 10. e3 a5 11. Bb2 axb4 12. axb4 Rxa1+ 13. Bxa1 c5)
7. f3 {[%cal Ge2e4] Une varainte ambitieuse mais un peu lente} (7. Bg5 Nbd7 8.
e3 b6 9. Bd3 Ba6 10. Ne2 c5 11. b4 (11. Qc2) 11... h6 12. Bh4 cxd4 13. exd4 Rc8
$11 {[%cal Gc8c3];Baburin,A (2593)-Kunte,A (2465) London MSO Masters 1999 (3)
1/2}) (7. Nf3 Nc6 {[%cal Ge6e5]} 8. b4 e5 $1 9. dxe5 Nxe5 10. Nxe5 dxe5 11.
Qxe5 Re8 12. Qb2 Ne4 (12... a5) (12... Ng4 13. Bf4 g5 14. Rd1 Qe7 (14... Qxd1+
15. Kxd1 Nxf2+ $13) 15. Bc1 Bf5 $44 {[%csl Re1] C'est assez désagréable а
jouer pour les Blancs devant l'échiquier}) 13. Bf4 Bf5 14. f3 g5 15. Bc1 Nd6 {
Flohr,S-Milner Barry,P London 1932 (5) 1-0}) (7. g3 e5 (7... Qe7 8. Nf3 Re8 9.
Bg2 e5 10. O-O c5 11. dxe5 dxe5) 8. dxe5 dxe5 9. Bg2 (9. Qxe5 Nc6 10. Qc3 Ne4
11. Qd3 (11. Qc2 Bf5 $40) 11... Bf5 12. Qxd8 Raxd8 $40) 9... Re8 $11) 7... Qe7
{[%cal Ge6e5]} (7... c5 8. dxc5 dxc5 9. Bg5 h6 10. Bf4 Nc6 11. Rd1 Qa5 12. Bd2
Qa4 13. e3 e5 14. Ra1 Re8 15. Ne2 Bf5 16. b3 Qa6 17. Ng3 Bg6 18. Be2 Qb6 19.
O-O a5 20. Rfd1 Nh7 21. Be1 Ng5 22. Rd5 Ne6 {Kramnik,V (2772)-Ivanchuk,V (2786)
/Dresden 2008/1/2-1/2 (54)}) (7... Nh5 {[%cal Gd8h4,Gf7f5]} 8. Nh3 (8. g4 Qh4+
9. Kd1 Nf6 10. Nh3 {[%cal Gc1g5]} h6 11. g5 $1 $14 {Timman,J (2655)-Nikolic,P 
(2659) Corus Wijk aan Zee 2000 (4) 1/2}) 8... e5 $1) (7... d5 $5 {Bareev,E 
(2734)-Gelfand,B (2700) Enghien les Bains 2003 (2) 1/2}) 8. Bg5 $6 {[%csl Re1]
Un coup naturel mais qui risque d'accélérer le retard de développement des
Blancs.} (8. e4 $142 {Probablement le coup le plus solide pour les blancs} e5
9. Ne2 {Golod,V (2582)-Krayz,A (2339) ISR-ch Haifa 2010 (1.3) 1-0} (9. Be3 exd4
10. Bxd4 Nc6 11. Bxf6 Qxf6 12. Qxf6 gxf6 13. g4 {[%csl Rf6];Stohl,I (2530)
-Pachman,L (2320) CZE-chT 9495 1994 (8) 1-0} (13. O-O-O $5)) (9. d5 {Solide
pour éviter les problèmes tactiques au centre mais la fermeture du jeu ne va
pas avantager la paire de B} c6 {Golod,V (2517)-Sulypa,A (2513) Lvov Cup of
Galychina 2001 (1) 1/2} (9... Nbd7) (9... Nh5 {[%cal Ge7h4,Gh5g3]} 10. Be3 a5
11. Bd3 Nd7 12. Ne2 Nc5 13. Bc2 a4 $132))) (8. Nh3 e5 9. dxe5 dxe5 10. Nf2 Nc6
$32) 8... Re8 (8... e5 {Plus naturel} 9. d5 Re8 {[%csl Re1]} 10. Qc2 e4 $36 {
Varga,P (2440)-Besztercsenyi,T (2275) HUN-chT Hungary 1995 1/2} 11. O-O-O Nbd7
12. g3 h6 13. Bd2 a5 14. Kb1 c6 15. Bc3 cxd5 16. cxd5 Nb6 17. Qb3 Nbd7 18. Bh3
Nc5 19. Qb5 Bxh3 20. Nxh3 Qd7 21. Qxd7 Nfxd7 22. Nf2 b5 23. Rd4 Nf6 24. f4 Nb3
25. Rdd1 e3 {Varga,P (2440)-Besztercsenyi,T (2275)/Hungary 1995/1/2-1/2 (37)})
(8... h6 9. Bh4 e5 $15 {[%csl Re1]} 10. e4 exd4 (10... Re8) (10... a5 {[%csl
Rb3][%cal Ga5a4]} 11. Ne2 a4 12. Qc2 {[%cal Ge2c3]} exd4 13. Nxd4 Nbd7 14. Be2
Nc5 $11 {[%csl Gb3]}) 11. Qxd4 Nc6 12. Bxf6) (8... Nbd7 9. e4 e5 10. d5 a5 11.
b3 Re8 12. Nh3 h6 13. Be3 Nf8 14. Be2 Bxh3 15. gxh3 Nh5 16. O-O-O Ng6 17. c5
Nhf4 18. Bf1 Rec8 19. Kb2 b6 20. cxd6 cxd6 21. Qd2 a4 22. bxa4 Rxa4 23. Bb5 {
Shen,Y (2450)-Xu Yuhua (2477)/Beijing 2008/1/2-1/2 (88)}) (8... h6 9. Bh4 e5)
9. e3 $146 (9. Rd1 {Lupor,S (2262)-Mainka,R (2510) Bad Woerishofen op 26th
2010 (8) 1/2}) (9. O-O-O e5 10. e3 Ne4 $1 {Un thème classique dans cette
variante Capablanca}) 9... e5 $1 $11 {[%cal Ge7e1]} 10. dxe5 dxe5 11. Ne2 Nbd7
(11... Nc6 $5 12. b4 (12. O-O-O) 12... h6 13. Bh4 g5 (13... Be6 14. b5 Nb8 15.
Qxe5) 14. Bf2 e4 15. b5 Ne5 $36 {[%csl Ge5]}) 12. Ng3 b6 13. Bd3 Bb7 14. Bf5 (
14. Nf5 Qf8 15. O-O h6 {[%csl Rg6]} 16. Bh4 g6 {[%csl Rf5]}) 14... Qf8 {
C'est pas trés actif mais le coup naturel Rad8 renforçait le clouage du Bg5} (
14... Rad8 {[%cal Gd8d7]} 15. O-O-O $14 {[%csl Rd7,Rd8,Gf5,Gg5][%cal Gg5d8]})
15. O-O-O $5 Bc6 16. Nh5 $1 Nxh5 17. Bxd7 Bxd7 18. Rxd7 $36 {[%csl Gd7][%cal
Gh1d1]} f6 19. Bh4 g5 $6 {Trés risqué} 20. Bf2 (20. Qd3 Ng7) 20... Red8 $1 21.
Rxd8 $1 (21. Rxc7 $2 Qd6 {[%csl Rc7]} 22. Rb7 Qc6 23. Re7 Qd6 {En valeur
absolue, le coup 21. Rc7 n'est pas bon car la R est enfermée mais avec 150
points de moins au classement ELO, les Blancs peuvent aussi forcer la nulle...}
) (21. Rhd1 $143 {Ce coup nautel mène а une finale égale mais la poussée g5 a
affaibli l'aile-roi et les Blancs préfèrent une R pour y a attaquer.} Rxd7 22.
Rxd7 Rd8 23. Qd2 Rxd7 24. Qxd7 Qd6 $11) 21... Rxd8 22. h4 gxh4 23. Bxh4 (23.
Rxh4 Ng7 24. Qc2 f5 25. g4 (25. e4 Qf7 (25... f4 26. Rg4) 26. exf5 Nxf5 27.
Rg4+ Kh8 28. Qe4 $16)) 23... Ng7 24. Qc2 {[%csl Rh7] Un coup naturel mais qui
donne pas grand-chose} (24. f4 $142 $5 {Il faut essayer d'ouvrir au maximum
l'aile-roi} Rd6 (24... exf4 $6 25. Bxf6) 25. fxe5 fxe5 26. Qxe5 Qf5) 24... Qf7
25. g4 $14 {[%csl Gf5,Rg7,Gh5]} (25. f4 $1 {[%cal Gh4d8]} Rd6 (25... exf4 26.
exf4 Ne6 27. Qf5 {[%csl Rf6]} (27. Bxf6 Qxf6 28. Qxh7+ Kf8) 27... Rf8 28. g4 (
28. Bf2 {[%cal Gh1h3,Gh3g3]})) 26. fxe5 fxe5 27. Bg3 {[%cal Gg3e5,Gc2h7]} Qf5
28. Qxf5 Nxf5 29. Bxe5) 25... Rd6 26. Qe4 (26. Rd1 Rxd1+ 27. Kxd1 $11) (26. Kb1
Qg6 $11 {[%cal Gg6b1]}) 26... Ne6 27. Rd1 Nc5 $132 28. Qc2 (28. Qa8+) 28... e4
$1 29. Rxd6 cxd6 30. fxe4 Qe6 31. Bg3 Qxg4 $15 {[%csl Gh7][%cal Gh7h1]} 32.
Bxd6 Qg1+ 33. Kd2 Qg2+ 34. Kc1 $2 (34. Kd1 $8) 34... Qh1+ 35. Qd1 Nd3+ 36. Kc2
Qxd1+ 37. Kxd1 Nxb2+ 38. Ke2 Nxc4 39. Bb8 a6 40. Kd3 b5 41. Kc3 Ne5 0-1

[Event "EU-chT (Men) 18th"]
[Site "Porto Carras"]
[Date "2011.11.03"]
[Round "1.3"]
[White "Johannessen, Leif Erlend"]
[Black "Stocek, Jiri"]
[Result "0-1"]
[WhiteElo "2515"]
[BlackElo "2600"]
[Annotator "Marin,M"]
[PlyCount "62"]
[EventDate "2011.11.03"]
[EventType "team-swiss"]
[EventRounds "9"]
[EventCountry "GRE"]
[SourceTitle "CBM 146"]
[Source "ChessBase"]
[SourceDate "2012.01.18"]
[SourceVersion "1"]
[SourceVersionDate "2012.01.18"]
[SourceQuality "1"]
[WhiteTeam "Norway"]
[BlackTeam "Czech Republic"]
[WhiteTeamCountry "NOR"]
[BlackTeamCountry "CZE"]

1. d4 Nf6 2. c4 e6 3. Nc3 Bb4 4. Qc2 O-O 5. a3 Bxc3+ 6. Qxc3 b6 7. Bg5 Bb7 8.
e3 h6 9. Bh4 Re8 $5 {A half-waiting move, Black is inviting White to show his
cards.} 10. Ne2 {Sticking to the modern plan based on Qc2 and Nc3.} (10. Nf3 {
puts less pressure on Black.} d6 11. Nd2 (11. Rd1 Nbd7 12. Qc2 Qe7 13. Be2 c5
14. dxc5 Nxc5 15. b4 Nce4 16. O-O Rac8 17. Qb2 e5 {Jacimovic,D (2415)
-Abramovic,B (2475)/Prilep 1992/EXT 2002 (1/2, 64)}) (11. Be2 Nbd7 12. O-O g5
13. Bg3 Ne4 14. Qc2 e5 15. d5 f5 $132 {Cacho Reigadas,S (2400)-Illescas
Cordoba,M (2620)/Linares 1995/CBM 051 (0-1, 37)}) (11. Bd3 Nbd7 12. O-O c5 13.
b3 Qc7 14. Rad1 a6 15. dxc5 bxc5 16. Rd2 e5 17. Bf5 Ne4 18. Bxe4 Bxe4 $11 {
Olafsson,H (2470)-Farago,I (2520)/Osterskars 1995/EXT 97 (1/2, 21)}) 11... e5
12. d5 c6 13. dxc6 Nxc6 (13... Bxc6 $5 14. f3 Nbd7 15. Be2 Rc8 16. O-O d5 $132)
14. Be2 Rc8 15. Qd3 g5 16. Bg3 d5 17. cxd5 Nxd5 18. Qf5 Nf4 $5 19. Bxf4 exf4
20. Bd3 $36 {Hillarp Persson,T (2460)-Wedberg,T (2540)/Skara 2002/CBM 091 (1/2,
35)}) (10. f3 d5 {transposes to a completely different group of variations, in
which ...Re8 is useful anyway.} 11. Nh3 (11. Bd3 Nbd7 12. Ne2 c5 {Gurevich,M 
(2634)-Kosten,A (2545)/France 2003/CBM 095/[Gurevich,M] (1-0, 40)}) 11... Nbd7
12. cxd5 exd5 13. Be2 c5 {Khalifman,A (2702)-Kramnik,V (2789)/Internet 2003/
CBM 096/[Golod,V] (1/2, 36)}) 10... Qe7 $146 {Another waiting move.} (10... c5
{may be simpler.} 11. Bxf6 (11. dxc5 $5 {is more restrictive, transposing to
the game continuation more forcefully.}) 11... Qxf6 12. dxc5 bxc5 ({Black
could avoid the pawn weaknesses with} 12... Qxc3+ 13. Nxc3 bxc5 {White cannot
consolidate his knight on d6 after} 14. Nb5 Na6 15. Nd6 Reb8 16. O-O-O Bc6 17.
f3 Rb6 18. Be2 Kf8 19. Rd2 Ke7 $11 20. Rhd1 $2 Ba4 $19) 13. Qxf6 gxf6 14. O-O-O
Kf8 {[%cal Gf8e7] Pogorelov,R (2420)-Suba,M (2542)/La Roda 2009/CBM 129 Extra 
(1-0). Despite his kingside weaknesses, Black's position looks quite solid.})
11. Qc2 ({White could also wait with} 11. Rd1 $5) 11... c5 12. Rd1 (12. Nc3
cxd4 13. exd4 d5 $15) 12... d5 13. cxd5 ({One critical continuation may be} 13.
dxc5 bxc5 14. Nc3 {. Although Black is practically a tempo up (...Re8) by
comparison with the Morozevich-Moiseenko game from the same tournament, its
usefulness is far from obvious.}) 13... exd5 14. Bxf6 Qxf6 15. b4 $6 {White is
pushings things too far. He forces the opening of the queenside in a way that
will expose his queen.} (15. dxc5 bxc5 16. Qxc5 Qxb2 17. Qb4 Qxb4+ 18. axb4 {
is a risk-free way of getting out of the opening. Although he has no immediate
problems, Black still needs to find a way to prove 100% equality, because he
cannot get rid of his isolated pawn easily.}) 15... Nd7 16. Qb2 (16. bxc5 bxc5
17. dxc5 Rac8 $36) 16... Bc6 17. Rd2 a5 18. bxc5 $6 {Missing Black's answer.} (
18. b5 Bb7 $132) 18... Rab8 $3 $36 (18... bxc5 19. dxc5 $11) 19. cxb6 (19. Qc1
bxc5 $36) 19... Nxb6 20. Qa1 Nc4 $40 21. Rd1 Rb2 22. Rb1 Rxb1+ 23. Qxb1 Nxa3
24. Qd3 Qd6 25. Nc3 Qb4 26. Qd2 Rc8 27. Ba6 Nc4 28. Bxc4 Qxc4 29. Qb2 Bb5 30.
Qxb5 Qxb5 31. Nxb5 Rc1+ 0-1

[Event "World Cup"]
[Site "Khanty-Mansiysk"]
[Date "2009.11.22"]
[Round "1.2"]
[White "Al Sayed, Mohammed"]
[Black "Eljanov, Pavel"]
[Result "1/2-1/2"]
[WhiteElo "2504"]
[BlackElo "2729"]
[Annotator "Marin,M"]
[PlyCount "125"]
[EventDate "2009.11.21"]
[EventType "k.o."]
[EventRounds "7"]
[EventCountry "RUS"]
[SourceTitle "CBM 134"]
[Source "ChessBase"]
[SourceDate "2010.01.18"]
[SourceVersion "1"]
[SourceVersionDate "2010.01.18"]
[SourceQuality "1"]

1. d4 Nf6 2. c4 e6 3. Nc3 Bb4 4. Qc2 O-O 5. e4 d6 6. Bd3 Nc6 7. Nge2 Ba5 {
This is another move employed by Kramnik recently. It appears that the bishop
does not need to capture on c3. It may also clear the b4-square for the knight
and head for b6, putting pressure on White's over extended centre.} 8. d5 (8.
O-O Bb6 9. d5 Nb4 10. Qd2 exd5 11. cxd5 Ng4 12. Bb1 Qh4 13. Qf4 f5 $36 {
Carlsen,M (2776)-Kramnik,V (2759)/Nice 2009/CBM 129 Extra (0-1, 20)}) 8... Nb4
9. Qd2 c6 ({Black could also play after Kramnik's model:} 9... exd5 10. cxd5
Ng4 11. Bb1 Qh4 {The natural} 12. Qf4 {leads to a transposition after} Bb6 13.
O-O f5) 10. dxc6 bxc6 11. O-O Ba6 12. b3 d5 $36 {Black is better developed and
has the initiative in the centre.} 13. e5 Nxd3 14. Qxd3 Nd7 15. Qg3 Bc7 16. Bf4
Qb8 17. Nd4 Bxe5 18. Nxc6 Bxf4 19. Nxb8 Bxg3 20. Nxd7 Rfd8 21. Nc5 Be5 22. Rac1
Bc8 23. cxd5 exd5 24. Rfe1 f6 25. Nd3 Bxc3 26. Rxc3 Bf5 27. Nf4 Rac8 28. Rxc8
Bxc8 29. Re7 d4 30. Kf1 d3 31. Ke1 d2+ 32. Kd1 Bf5 33. Rc7 g5 34. Ne2 h5 35.
Rc5 Bd3 36. Nc3 Bf1 37. Rd5 Rxd5 38. Nxd5 Bxg2 39. Nc3 Kf7 40. b4 h4 41. Kxd2
f5 42. Ke2 Bb7 43. f3 Ke6 44. Ke3 Ke5 45. a4 a6 46. a5 Bc6 47. h3 f4+ 48. Kf2
Kd4 49. Ne4 Kc4 50. Nxg5 Bd7 51. Nf7 Kxb4 52. Ne5 Bxh3 53. Ng6 Kxa5 54. Ke2 Kb4
55. Kd2 Kb3 56. Kc1 Bf5 57. Nxh4 Bh7 58. Ng2 a5 59. Nxf4 a4 60. Ne6 Kc3 61. Nd4
Bd3 62. f4 Kxd4 63. Kb2 1/2-1/2